Upkar's national defence academy examination / (Record no. 60917)

MARC details
000 -LEADER
fixed length control field 00540nam a22001697a 4500
005 - DATE AND TIME OF LATEST TRANSACTION
control field 20180828123454.0
020 ## - INTERNATIONAL STANDARD BOOK NUMBER
Terms of availability 205.00
035 ## - SYSTEM CONTROL NUMBER
System control number B-44815, B-044826
082 ## - DEWEY DECIMAL CLASSIFICATION NUMBER
Classification number 000
100 ## - MAIN ENTRY--PERSONAL NAME
Personal name Jain
245 ## - TITLE STATEMENT
Title Upkar's national defence academy examination /
Statement of responsibility, etc by Jain and Gupta
260 ## - PUBLICATION, DISTRIBUTION, ETC. (IMPRINT)
Place of publication, distribution, etc Agra
Name of publisher, distributor, etc Upkar prakashan
Date of publication, distribution, etc 2002
300 ## - PHYSICAL DESCRIPTION
Extent Various paging;
Dimensions 24x18 cm(pbk)
700 ## - ADDED ENTRY--PERSONAL NAME
Personal name Gupta
9 (RLIN) 24452
942 ## - ADDED ENTRY ELEMENTS (KOHA)
Source of classification or shelving scheme Dewey Decimal Classification
Item type English Books
Call number suffix JAI
Classification part 000
Holdings
Withdrawn status Lost status Not for loan Collection code Home library Current library Date acquired Cost, normal purchase price Full call number Barcode Cost, replacement price Koha item type Source of acquisition
      Non-fiction Sarojini Nagar Sarojini Nagar 14/01/2012 205.00 000 JAI B-44815 205.00 English Books  
      Non-fiction Shahdara Branch Shahdara Branch 28/08/2018 205.00 000 JAI B-044826 205.00 English Books BPPD/PUB

© Delhi Public Library
Hit Counter
free hit counter